000 00495nam a2200181Ia 4500
008 240925s9999 xx 000 0 und d
020 _a9789350144497
082 _a621.33 MAL
100 _aMallick, Sachidananda ; Nazar, Rupali G.
245 3 _aAn Introduction to Electric Traction
250 _aNA
260 _aNew Delhi:
_bS. K. Kataria
_c,2016.
300 _a961p.
_b4
_fOriginal
500 _aIncludes Index
600 _aEngineering Technology
650 _aTechnology
942 _cBK
999 _c13930
_d13930